Catálogo público

IBM PC : (Record no. 170559)

MARC details
000 -CABECERA
campo de control de longitud fija 01486nam a2200421Ia 4500
001 - NÚMERO DE CONTROL
campo de control dia_128
003 - IDENTIFICADOR DEL NÚMERO DE CONTROL
campo de control CHAP
005 - FECHA Y HORA DE LA ÚLTIMA TRANSACCIÓN
campo de control 20240419185923.0
007 - CAMPO FIJO DE DESCRIPCIÓN FÍSICA--INFORMACIÓN GENERAL
campo de control de longitud fija ta
008 - DATOS DE LONGITUD FIJA--INFORMACIÓN GENERAL
campo de control de longitud fija 220117s1984 mx ado fr 001 0 spa d
010 ## - NÚMERO DE CONTROL DE LA BIBLIOTECA DEL CONGRESO
Número de control de LC 170559
020 ## - NÚMERO INTERNACIONAL ESTÁNDAR DEL LIBRO
Número Internacional Estándar del Libro 968-451-167-3
040 ## - FUENTE DE LA CATALOGACIÓN
Centro/agencia transcriptor CHAP
Centro catalogador/agencia de origen mxchpua
041 ## - CÓDIGO DE LENGUA
Código de lengua del texto/banda sonora o título independiente spa
Código de lengua original eng
050 10 - SIGNATURA TOPOGRÁFICA DE LA BIBLIOTECA DEL CONGRESO
Número de clasificación QA76.8.I2594
Número de documento/Ítem .G73 1984
082 ## - NÚMERO DE LA CLASIFICACIÓN DECIMAL DEWEY
Número de clasificación 005.24
Número de documento/Ítem G73 1984
Número de edición 20
100 1# - ENTRADA PRINCIPAL--NOMBRE DE PERSONA
Nombre de persona Graham, Lyle J.
9 (RLIN) 50222
Término indicativo de función/relación autor
240 10 - TÍTULO UNIFORME
Título uniforme Your IBM PC : a guide to the IBM PC (DOS 2.0) and XT.
Lenguaje de la obra Español
245 10 - MENCIÓN DE TÍTULO
Título IBM PC :
Resto del título guía del IBM PC (DOS 2.0) y XT /
Mención de responsabilidad, etc. Lyle J. Graham y Tim Field ; traducción Luis Joyanes Aguilar
250 ## - MENCIÓN DE EDICIÓN
Mención de edición 1a edición
264 ## - PRODUCCIÓN, PUBLICACIÓN, DISTRIBUCIÓN, FABRICACIÓN Y COPYRIGHT
Producción, publicación, distribución, fabricación y copyright México :
Nombre del de productor, editor, distribuidor, fabricante McGraw-Hill,
Fecha de producción, publicación, distribución, fabricación o copyright 1984
300 ## - DESCRIPCIÓN FÍSICA
Extensión xi, 608 páginas :
Otras características físicas ilustraciones, gráficas, diagramas, tablas, fotos
336 ## - TIPO DE CONTENIDO
Fuente rdacontent
Término de tipo de contenido texto
Código de tipo de contenido txt
337 ## - TIPO DE MEDIO
Fuente rdamedia
Nombre/término del tipo de medio no mediado
Código del tipo de medio n
338 ## - TIPO DE SOPORTE
Fuente rdacarrier
Nombre/término del tipo de soporte volumen
Código del tipo de soporte nc
490 1# - MENCIÓN DE SERIE
Mención de serie Osborne McGraw-Hill
650 10 - PUNTO DE ACCESO ADICIONAL DE MATERIA--TÉRMINO DE MATERIA
Término de materia o nombre geográfico como elemento de entrada IBM PC (Computadora)
Subdivisión general Programación
9 (RLIN) 147283
650 10 - PUNTO DE ACCESO ADICIONAL DE MATERIA--TÉRMINO DE MATERIA
Término de materia o nombre geográfico como elemento de entrada IBM PC XT (Computadora)
Subdivisión general Programación
9 (RLIN) 147284
650 10 - PUNTO DE ACCESO ADICIONAL DE MATERIA--TÉRMINO DE MATERIA
Término de materia o nombre geográfico como elemento de entrada IBM Personal Computer XT
Subdivisión general Programming
9 (RLIN) 147285
650 10 - PUNTO DE ACCESO ADICIONAL DE MATERIA--TÉRMINO DE MATERIA
Término de materia o nombre geográfico como elemento de entrada IBM Personal Computer
Subdivisión general Programming
9 (RLIN) 147286
700 1# - PUNTO DE ACCESO ADICIONAL--NOMBRE DE PERSONA
Nombre de persona Field, Tim
9 (RLIN) 40755
Término indicativo de función/relación autor
700 1# - PUNTO DE ACCESO ADICIONAL--NOMBRE DE PERSONA
Nombre de persona Joyanes Aguilar, Luis
9 (RLIN) 62240
Término indicativo de función/relación traductor
830 ## - PUNTO DE ACCESO ADICIONAL DE SERIE-TÍTULO UNIFORME
9 (RLIN) 147271
Título uniforme Osborne McGraw-Hill
942 ## - ELEMENTOS DE PUNTO DE ACCESO ADICIONAL (KOHA)
Tipo de ítem Koha Libro
Fuente del sistema de clasificación o colocación Dewey Decimal Classification
901 ## - ELEMENTOS DE DATOS A LOCAL LDA (RLIN)
a 005.24 G73 1984
902 ## - ELEMENTOS DE DATOS B LOCAL, LDB (RLIN)
a M
905 ## - ELEMENTOS DE DATOS E LOCAL, LDE (RLIN)
a 5232271984 mx adn 8222223322spa16
Holdings
Estado de retiro Estado de pérdida Fuente del sistema de clasificación o colocación Estado dañado Restricciones de uso No para préstamo Código de colección Localización permanente Ubicación/localización actual Fecha de adquisición Fuente de adquisición Coste, precio normal de compra Número de inventario Total de préstamos Signatura topográfica completa Código de barras Fecha visto por última vez Número de copia Tipo de ítem Koha
    Dewey Decimal Classification   Préstamo interno   General Ingenieria Agroindustrial Ingenieria Agroindustrial 11/08/1988 Compra R. 21507 (9/Nov/88) 30080.00 142844   005.24 G73 1984 1102002835 18/01/2022 Ej. 1 Libro